000 00800nam a2200265 i 4500
003 DO-SdBNP
005 20240626095804.0
007 ta
008 240626b2007 ht c || 000 0 eng d
040 _aDO-SdBNP
_bspa
_cBNPHU
_erda
082 4 _bS985
_222
100 1 _aSylvain, Georges
_eautor
_985827
245 1 0 _aDix annees de lutte pour la liberte :
_b1915-1925 /
_cGeorges Sylvan
264 1 _aPort-Au-Prince, Haiti :
_bHenri Deschamps,
_c2007.
300 _atomos
_bretratos
_c19 cm.
336 _2rdacontent
_atexto
_btxt
337 _2rdamedia
_asin mediación
_bn
338 _2rdacarrier
_avolumen
_bnc
490 _aBicentenario
500 _aLibro en francés.
500 _aLa biblioteca posee el tomo 2.
590 _aInventariado, 2024/ YL
910 _aYLockward
942 _2ddc
_cLBS1
999 _c57004
_d57004